000 00376nam a22001457a 4500
003 OSt
005 20240119103553.0
008 240119b |||||||| |||| 00| 0 eng d
020 _a9789355854834
040 _c
082 _2I
_a371.2/KHA/GOK
245 _aAPPLIED SCIENCE (CHEMISTRY)
_cKHAMKAR KASHMIRI
_hENGLISH
260 _aPUNE
_bTECHNICAL PUBL.
_c2024
942 _2ddc
_cBK
_n0
999 _c36029
_d36029